000 00928nam a2200253 a 4500
001 BRCA_2635
005 20190320203911.0
008 011208s1880----fr-a---###---#000-0#fre-u
050 4 _aNE400
_b.D87 1880
100 1 _aDuplessis, Georges Victor Antoine Gratet
_d1834-1899
_97500
245 1 0 _aHistoire de la gravure en Italie, en Espagne, en Allemagne, dans les Pays-Bas, en Angleterre et en France
_bsuivie d´indications pour former une collection d´estampes
_cpar Georges Duplessis.
260 _aParis
_bHachette
_c1880
300 _a528 p.
_bil.
_c31 cm.
500 _aIncluye 73 grabados.
500 _aIncluye índice analítico.
500 _aA81
504 _aIncluye referencias bibliográficas.
650 1 4 _aGrabadores
_97352
650 1 4 _aColeccionistas y colecciones
_97501
650 1 4 _aGrabados
_xColeccionistas y colecciones
_97355
650 1 4 _aGrabado
_xHistoria
_91591
902 _aGFM
942 _2lcc
_cB
999 _c2375
_d2375